000 00586nam a2200181 a 4500
003 OSt
005 20140311163013.0
008 060829s19uu xx 00 eng d
020 _a0-910627-11-8
050 _aTX 911.3.L62
_b.Ar74 2003
100 _aArduser, Lora
_930519
245 _aRestaurant site location:
_bfinding, negotiating & securing the best food service site for maximum profit.
260 _aOcala, Florida :
_bAtlantic Publishing Group, Inc,
_c2003.
300 _a141 p. :
_c20 cm.
650 _aRestaurant location.
_930520
942 _cBK
_2lcc
_kFOR
999 _c39388
_d39388